000
00331nam a2200157Ia 4500
100
_a
Bhattacharyya/Basudeb
942
_c
BK
366
_f
20
654
_a
mechanics
245
_a
Engineering Mechanics
260
_b
Oxford Higher Education
_c
2008
082
_a
620.1
_b
BHA
300
_a
832
546
_a
ENGLISH
999
_c
19016
_d
19016